Internet và kinh doanh trên mạng
Trình bày về những thông tin hoạt động của Internet; Tham khảo cách kinh doanh trên Internet; Tìm hiểu về chương trình outlook Espress trong Windows XP trong việc hỗ trợ làm việc từ xa và quản lý thông tin.
Đã lưu trong:
| Tác giả chính: | |
|---|---|
| Định dạng: | Sách |
| Năm xuất bản: |
H.
Thống kê
2002
|
| Chủ đề: | |
| Tags: |
Thêm thẻ
Không có thẻ, Hãy là người đầu tiên gắn thẻ bản ghi này!
|
| LEADER | 00814nam a2200169 4500 | ||
|---|---|---|---|
| 082 | |a 004.678 |b TR 120 V | ||
| 100 | |a Trần Văn Minh | ||
| 245 | |a Internet và kinh doanh trên mạng |c Trần Văn Minh, Quốc Bình | ||
| 260 | |a H. |b Thống kê |c 2002 | ||
| 300 | |a 626tr |c 24cm | ||
| 520 | |a Trình bày về những thông tin hoạt động của Internet; Tham khảo cách kinh doanh trên Internet; Tìm hiểu về chương trình outlook Espress trong Windows XP trong việc hỗ trợ làm việc từ xa và quản lý thông tin. | ||
| 653 | |a Mạng máy tính | ||
| 653 | |a Internet | ||
| 653 | |a Kinh doanh | ||
| 942 | |2 ddc |c STK0 | ||
| 999 | |c 7248 |d 7248 | ||
| 952 | |0 0 |1 0 |2 ddc |4 0 |6 004_678000000000000_TR_120_V |7 0 |8 000 |9 66925 |a qbu |b qbu |c D2 |d 2015-02-02 |g 86000 |o 004.678 TR 120 V |p 7240.C1 |r 0000-00-00 |w 2015-02-02 |y STK0 | ||